000 005640000a22001810004500
003 MACL
005 20160519134656.0
008 160519b xxu||||| |||| 00| 0 eng d
040 _aMACL
_cMACL
041 _aHindi
082 _a891.433
100 _aतिवारी, रीमा
_947861
245 _aएक कलाकार की कहानी
_cरीमा तिवारी
260 _bगंगोत्री पब्लिकेशन
_c2006
_aलखनउ
350 _a200
650 _aStory
_958196
942 _cHIN
_k891.433/TIW/S
_2ddc
999 _c18434
_d18434